Wszystkie miasta i ich herby w województwie Kujawsko-Pomorskim - Statystyki

Ogólne statystyki
  • Ten quiz został rozwiązany 41 razy
  • Średni wynik to 36 z 56
Statystyki odpowiedzi
Obrazkowy Odpowiedź % Poprawnych
Bydgoszcz
100%
Toruń
100%
Grudziądz
88%
Nakło nad Notecią
88%
Brodnica
79%
Rypin
79%
Sępólno Krajeńskie
79%
Włocławek
79%
Chełmno
75%
Ciechocinek
75%
Inowrocław
75%
Janikowo
75%
Tuchola
75%
Koronowo
71%
Kowal
71%
Kowalewo Pomorskie
71%
Świecie
71%
Szubin
71%
Wąbrzeźno
71%
Barcin
67%
Chełmża
67%
Golub-Dobrzyń
67%
Kruszwica
67%
Mogilno
67%
Solec Kujawski
67%
Żnin
67%
Aleksandrów Kujawski
63%
Dobrzyń nad Wisłą
63%
Kamień Krajeński
63%
Kcynia
63%
Lipno
63%
Mrocza
63%
Strzelno
63%
Brześć Kujawski
58%
Jabłonowo Pomorskie
58%
Nowe
58%
Pakość
58%
Piotrków Kujawski
58%
Pruszcz
58%
Łabiszyn
54%
Nieszawa
54%
Radziejów
54%
Więcbork
54%
Bobrowniki
50%
Gąsawa
50%
Gniewkowo
50%
Górzno
50%
Izbica Kujawska
50%
Janowiec Wielkopolski
50%
Lubień Kujawski
50%
Skępe
50%
Chodecz
46%
Łasin
46%
Lubraniec
46%
Radzyń Chełmiński
46%
Kikół
38%
Nie znaleziono quizów pasujących do podanych kryteriów
Rozkład punktacji
Procent ludzi z każdym wynikiem
Percentyl według liczby udzielonych odpowiedzi
Twoja historia wyników
Nie rozwiązałeś tego quizu